000 00572nam a2200205 i 4500
001 41498
003 ES-MaACL
005 20240528062844.0
007 t|
008 030311s1929 fr ||||1| fre d
100 1 _aCarayon, Marcel.
_934982
245 1 0 _aLope de Vega /
_cMarcel Carayon.
260 _aParis :
_bRieder,
_c1929.
300 _a88 p., 60 lám. ;
_c20 cm.
490 1 _aMaitres des litteratures
600 1 4 _aVega, Lope de,
_d1562-1635
_9113563
830 0 _aMaitres des litteratures
_9181492
852 _aES-MaACL
_jA-2696
999 _c41498
_d41498